00587nam a2200241Ia 450000500170000000800460001702000180006303700100008104000080009104000080009904000080010704100080011504100080012308400080013110000220013924500550016124500310021626000230024726000090027036500050027936500080028485600530029220260324142103.0008 260324s9999 xx 000 0 eng d a9781315828879 aEBOOK aCRL beng cCRL 2eng aeng qCRL aAndrew Wheatcroft 4aThe Life and Times of Shaikh Salman Bin Al-Khalifa 0bRuler of Bahrain 1942-1961 bTaylor and Francis c1995 a b230 uhttp://www.taylorfrancis.com/books/9781315828879